| 000 | 00593nam a2200241 i 4500 | ||
|---|---|---|---|
| 001 | 44155 | ||
| 003 | ES-MaBCM | ||
| 005 | 20241016104644.0 | ||
| 008 | 960303s1985 ita 000 0 ita d | ||
| 020 | _a88-17-53819-1 | ||
| 021 | _axx | ||
| 035 | _a(OCoLC)1365200166 | ||
| 040 | _cES-MaBCM | ||
| 041 | 0 | _aita | |
| 043 | _aita | ||
| 100 | 1 |
_aUboldi, Raffaello _947144 |
|
| 245 | 1 | 0 |
_aJuan Carlos _cRaffaello Uboldi |
| 260 |
_aMilano : _bRizzole, _c1985 |
||
| 300 |
_a199 p. _c22 cm |
||
| 600 | 7 |
_aJuan Carlos _bI, _cRey de España _2 _994816 |
|
| 655 | 4 |
_aBiografía _9115822 |
|
| 942 | _cBK | ||
| 999 |
_c44155 _d44155 |
||